Biathlon WM - Alle Weltmeisterinnen 2000er - Statistiken

Allgemein
  • Dieses Quiz wurde 239 mal gespielt
  • Das Durchschnittsergebnis liegt bei 16 aus 34
Antwortstatistiken
Disziplin Jahr Weltmeisterin % Korrekt
Sprint 2007 Magdalena Neuner
99%
Verfolgung 2007 Magdalena Neuner
99%
Massenstart 2008 Magdalena Neuner
99%
Einzel 2009 Kati Wilhelm
84%
Sprint 2001 Kati Wilhelm
84%
Sprint 2009 Kati Wilhelm
84%
Einzel 2005 Andrea Henkel
76%
Sprint 2008 Andrea Henkel
76%
Verfolgung 2008 Andrea Henkel
76%
Massenstart 2007 Andrea Henkel
76%
Sprint 2005 Uschi Disl
66%
Verfolgung 2005 Uschi Disl
66%
Einzel 2001 Magdalena Forsberg
61%
Verfolgung 2000 Magdalena Forsberg
61%
Massenstart 2001 Magdalena Forsberg
61%
Sprint 2004 Liv Grete Poiree
52%
Verfolgung 2001 Liv Grete Poiree
52%
Verfolgung 2004 Liv Grete Poiree
52%
Massenstart 2004 Liv Grete Poiree
52%
Sprint 2000 Liv Grete Skjelbreid
52%
Massenstart 2000 Liv Grete Skjelbreid
52%
Verfolgung 2003 Martina Glagow
51%
Verfolgung 2003 Sandrine Bailly
24%
Verfolgung 2009 Helena Jonsson
21%
Sprint 2003 Sylvie Becaert
10%
Massenstart 2003 Albina Achatowa
9%
Massenstart 2009 Olga Saizewa
9%
Einzel 2000 Corinne Niogret
6%
Einzel 2007 Linda Grubben
6%
Einzel 2004 Olga Pyljowa
4%
Massenstart 2005 Gro Marit Istad-Kristiansen
3%
Einzel 2008 Jekaterina Jurjewa
3%
Einzel 2003 Katerina Holubcova
3%
Massenstart 2002 Alena Subrylawa
2%
Keine übereinstimmenden Quizze gefunden
Verteilung der Resultate
Anzahl Personen mit jedem Resultat
Perzentil nach korrekt beantworteten Fragen
Ihre Resultats-Entwicklung
Sie haben dieses Quiz noch nicht gespielt